000 00725nam a22002297a 4500
008 240702b mp ||||| |||| 00| 0 mon d
020 _a978-99973-1-742-1
035 _a27674
040 _aZA2481090
_bmon
_cMN-UlNLM
_dMN-UlNLM
_erda
041 _amon
042 _a59179
084 _2NNA
_a84/4Фр/-44
_bА-98
100 _aАшард М.
245 0 _aЦөөхүүл ч гэсэн бидний Индианчууд
264 _aУлаанбаатар
_bМонсудар ХГ
_c2019
300 _a146х.
336 _2rdacontent
_atext
_btxt
337 _2rdamedia
_aunmediated
_bn
338 _2rdacarrier
_avolume
_bnc
942 _2NNA
_cBK
999 _c1095339
_d1095396